| 000 | 01033nam a2200313 a 4500 | ||
|---|---|---|---|
| 001 | 46400 | ||
| 003 | BD-RjUL | ||
| 005 | 20221222144950.0 | ||
| 008 | 160802s1957 ii ab b 001 0 eng | ||
| 035 | _a(BD-RjUL)46518 | ||
| 035 | _aGLIS00505253 | ||
| 040 |
_aDLC _cDLC _dm.c. _dSER _dRCD _dBD-RjUL _beng |
||
| 041 | _aeng | ||
| 082 |
_223 _a327 _bPAI 1957 |
||
| 090 |
_aJX1308 _b.P175 1969 |
||
| 099 | _aJX1308.P175 1969 | ||
| 100 | 1 | 0 |
_aPalmer, Norman Dunbar. _9129998 |
| 245 | 1 | 0 |
_aInternational relations : _bthe world community in transition / _cNorman D. Palmer [and] Howard C. Perkins. |
| 250 | _a2nd ed. | ||
| 260 |
_aBoston : _bHoughton Mifflin, _c1957 |
||
| 300 |
_axxxv, 870 p. : _bill., _c25 cm. |
||
| 504 | _aIncludes bibliographical references. | ||
| 505 | _a"LOST BOOK, FINE RECEIVED FROM BORROWER" | ||
| 650 | 0 |
_aInternational relations. _9129999 |
|
| 650 | 0 |
_aWorld politics _y1945-1989. _9125429 |
|
| 700 | 1 |
_aPerkins, Howard Cecil, jt. auth. _96409 |
|
| 942 |
_2ddc _cBK |
||
| 999 |
_c46400 _d46400 |
||